[Event "MCR senioru 2018 nad 70 let"]
[Site "Pelclovo divadlo Rychnov nad K"]
[Date "2018.08.05"]
[Round "9"]
[White "Jacek, Miloslav"]
[Black "Folta, Frantisek"]
[Result "1-0"]
[WhiteElo "1931"]
[BlackElo "1742"]
[PlyCount "37"]
[EventDate "2018.07.28"]

1. e4 c5 2. Nf3 d6 3. c3 Nf6 4. Be2 Nc6 5. d4 Bg4 6. h3 Bxf3 7. Bxf3 g6 8. Be3
Qb6 9. Qd2 Bg7 10. Na3 cxd4 11. cxd4 Qb4 12. Rc1 Nd7 13. Rd1 a6 14. O-O Qxd2
15. Rxd2 O-O 16. Rc1 Rac8 17. Rdc2 e5 18. d5 Ne7 19. Rc7 1-0

[Event "MCR senioru 2018 nad 70 let"]
[Site "Pelclovo divadlo Rychnov nad Kneznou, Panska ulice"]
[Date "2018.08.05"]
[Round "9"]
[White "Palla, Rostislav"]
[Black "Pokora, Lubomir"]
[Result "0-1"]
[WhiteElo "1622"]
[BlackElo "1891"]
[EventDate "2018.07.28"]
[PlyCount "56"]

1. e4 e5 2. Nf3 Nf6 3. Nc3 Nc6 4. Bb5 Nd4 5. Ba4 c6 6. d3 b5 7. Bb3 Nxb3 8.
axb3 d6 9. h3 Bb7 10. O-O Be7 11. Nh2 Qc7 12. f4 a6 13. f5 d5 14. Ng4 Nd7 15.
Ne2 dxe4 16. dxe4 O-O-O 17. Ng3 h5 18. Nf2 h4 19. Ne2 g6 20. Be3 Nf6 21. Qc1
gxf5 22. exf5 c5 23. Kh1 Qc6 24. Rg1 Nh5 25. Qf1 Ng3+ 26. Nxg3 hxg3 27. f6 gxf2
28. fxe7 Rxh3# 0-1

[Event "MCR senioru 2018 nad 70 let"]
[Site "Pelclovo divadlo Rychnov nad Kneznou, Panska ulice"]
[Date "2018.08.05"]
[Round "9"]
[White "Zikmund, Jaroslav"]
[Black "Jancalek, Jan"]
[Result "1-0"]
[WhiteElo "1826"]
[BlackElo "1603"]
[EventDate "2018.07.28"]
[PlyCount "45"]

1. d4 Nf6 2. c4 e6 3. Nc3 g6 4. Nf3 Bg7 5. e4 d6 6. Be2 O-O 7. O-O Nbd7 8. h3
a6 9. Be3 Re8 10. b4 b6 11. Rc1 e5 12. dxe5 Nxe5 13. Nxe5 dxe5 14. Qc2 Qe7 15.
a3 Bb7 16. Nd5 Nxd5 17. cxd5 Rec8 18. Bg4 Rd8 19. Qxc7 Qxc7 20. Rxc7 Bc8 21.
Bxb6 Bxg4 22. hxg4 Bf6 23. Rc6 1-0

[Event "MCR senioru 2018 nad 70 let"]
[Site "Pelclovo divadlo Rychnov nad Kneznou, Panska ulice"]
[Date "2018.08.05"]
[Round "9"]
[White "Maly, Jiri"]
[Black "Halla, Jiri"]
[Result "0-1"]
[WhiteElo "1585"]
[BlackElo "1817"]
[EventDate "2018.07.28"]
[PlyCount "78"]

1. e4 e6 2. d4 d5 3. exd5 exd5 4. Nf3 Bg4 5. Be2 Bd6 6. Be3 Ne7 7. O-O O-O 8.
Qd2 Re8 9. h3 Bh5 10. Ne5 Bxe2 11. Qxe2 f6 12. Nf3 Nf5 13. Qd2 Nxe3 14. fxe3
Qe7 15. Re1 Bg3 16. Nc3 Bxe1 17. Rxe1 c6 18. e4 dxe4 19. Nxe4 Qf7 20. Nd6 Rxe1+
21. Qxe1 Qd7 22. Nxb7 Na6 23. Nc5 Nxc5 24. dxc5 Re8 25. Qf1 h6 26. c3 Qd5 27.
b4 Qxa2 28. Nd4 Qd2 29. Qc4+ Kh8 30. Nf5 Qe1+ 31. Kh2 Qe5+ 32. Ng3 h5 33. Qd4
Qxd4 34. cxd4 Rb8 35. Nxh5 Rxb4 36. Nf4 Rxd4 37. Ng6+ Kh7 38. Ne7 Rd7 39. Nxc6
Rc7 0-1

[Event "MCR senioru 2018 nad 70 let"]
[Site "Pelclovo divadlo Rychnov nad Kneznou, Panska ulice"]
[Date "2018.08.05"]
[Round "9"]
[White "Bainhofner, Jiri"]
[Black "Havel, Frantisek"]
[Result "1/2-1/2"]
[WhiteElo "1812"]
[BlackElo "1731"]
[EventDate "2018.07.28"]
[PlyCount "55"]

1. e4 d6 2. d4 Nf6 3. Bd3 e5 4. d5 c6 5. c4 a5 6. Nc3 Be7 7. h3 Na6 8. Nge2 O-O
9. Be3 c5 10. a3 b6 11. Qd2 Nc7 12. g4 Nfe8 13. Ng3 g6 14. O-O-O Ng7 15. Rh2
Bd7 16. Rdh1 Bh4 17. Rg2 a4 18. Nb5 Nxb5 19. cxb5 c4 20. Bc2 Bxb5 21. Qb4 Qd7
22. f4 c3 23. fxe5 cxb2+ 24. Qxb2 dxe5 25. Kd1 Be7 26. Bd2 Rfc8 27. Bc3 f6 28.
Re1 1/2-1/2